• 首页
  • 本馆介绍
  • 公告通知
  • 最新文献
  • 馆藏检索
  • 电子资源
  • 读者导购
  • 参考咨询
  • 我的图书馆
  • 登录
  • 详细信息显示
  • 放入我的书架
  • 预约/预借图书
  • 作者相关作品
  • 分类相关作品
  • 丛书相关作品
  • 出版社相关作品

书目信息

  • 表格格式
  • 工作单格式
  • 卡片格式
题名:
政府电子文件管理
    
 
作者: 冯惠玲 主编
分册:  
出版信息: 北京   中国人民大学出版社  2004
页数: 340页
开本: 23cm
丛书名:
单 册:
中图分类: G276
科图分类:
主题词: 国家行政机关--特种档案--档案管理--高等教育--教材 , 特种档案 , 档案管理 , 国家行政机关
电子资源:
ISBN: 7-300-05589-3(含光盘)
000 01070nam0 2200301 450
000 01082nam0 2200301 450
000 01015nam0 2200277 450
000 00979nam0 2200265 45
005 20070722182247.70
010    @a7-300-05589-3(含光盘)@dCNY33.00
100    @a20070626d2004 em y0chiy0120 ea
101 0  @achi
102    @aCN@b110000
105    @ay z 000yy
200 1  @a政府电子文件管理@AZheng Fu Dian Zi Wen Jian Guan Li@f冯惠玲主编@FFeng Hui Ling Zhu Bian
210    @a北京@c中国人民大学出版社@d2004
215    @a340页@d23cm@e光盘1片
300    @a北京市高等教育精品教材立项项目电子政务系列教材
307    @a附光盘 ISBN 7-900646-54-X
330    @a本书系统地介绍了电子文件及其管理的基础概念和基本理论,介绍了政府电子文件管理的变革,并构筑起全新的政府电子文件整个生命周期的管理体系等。
606 0  @a国家行政机关@x特种档案@x档案管理@x高等教育@j教材
606 0  @a特种档案
606 0  @a档案管理
606 0  @a国家行政机关
690    @aG276@v4
701  0 @a冯惠玲@AFeng Hui Ling@4主编
801  0 @aCN@bTAOJIN@c20070722
905    @a10447@dG276@e53
    
    政府电子文件管理/冯惠玲主编.-北京:中国人民大学出版社,2004
    340页;23cm+光盘1片
    北京市高等教育精品教材立项项目电子政务系列教材
    
    ISBN 7-300-05589-3(含光盘):CNY33.00
    本书系统地介绍了电子文件及其管理的基础概念和基本理论,介绍了政府电子文件管理的变革,并构筑起全新的政府电子文件整个生命周期的管理体系等。
●
相关链接 在E读中查询图书 在五车中查询图书 在当当中查询图书 在豆瓣中查询图书


正题名:政府电子文件管理     索取号:G276/53         预约/预借

序号 登录号 条形码 馆藏地/架位号 状态 备注
1 0823302   208233026   第一样本阅览室/ [索取号:G276/53] 在馆    
2 0823303   208233035   第四借阅区/ [索取号:G276/53] 在馆    
3 0823304   208233044   第四借阅区/ [索取号:G276/53] 在馆    
4 0823305   208233053   第四借阅区/ [索取号:G276/53] 在馆    
5 0823306   208233062   第四借阅区/ [索取号:G276/53] 在馆    
6 0823307   208233071   第四借阅区/ [索取号:G276/53] 在馆    
7 0823308   208233080   第四借阅区/ [索取号:G276/53] 在馆    
8 0823309   208233099   第四借阅区/ [索取号:G276/53] 在馆    
唐山师范学院图书馆 欢迎您!
大连网信软件有限公司© 版权所有